00302pab a2200133 454500008004000000100001800040245002700058260000900085300000900094362001100103650002100114650001300135773002000148180718b2001 xxu||||| |||| 00| 0 eng d aSathe, Vasant aStatus quo at Ayodhya? c2001 ap.10 a17 Jan aReligion - India aReligion aHindustan Times